Amerykańscy raperzy po zdjęciach #1 - Statystyki

Ogólne statystyki
  • Ten quiz został rozwiązany 235 razy
  • Średni wynik to 7 z 10
Statystyki odpowiedzi
Obrazkowy Odpowiedź % Poprawnych
Eminem
95%
Ye
95%
XXXTENTACION
90%
Juice WRLD
84%
Kendrick Lamar
77%
Travis Scott
77%
J. Cole
62%
Lil Uzi Vert
62%
21 Savage
58%
Future
49%
Nie znaleziono quizów pasujących do podanych kryteriów
Rozkład punktacji
Procent ludzi z każdym wynikiem
Percentyl według liczby udzielonych odpowiedzi
Twoja historia wyników
Nie rozwiązałeś tego quizu